|
|
|
|
| LEADER |
00000cam a2200000 a 4500 |
| 001 |
vtls001396314 |
| 003 |
SK-MaSNL |
| 005 |
20260302034739.0 |
| 008 |
251029s1998 gw aa fr 100 0 ger |
| 015 |
|
|
|a SNBZSA2000-00307
|
| 020 |
|
|
|a 3789050822
|
| 035 |
|
|
|a SNK000350689
|
| 035 |
|
|
|a urn:nbn:sk:snk-amklq4
|
| 035 |
|
|
|a urn:nbn:sk:snk-am008ib7
|
| 035 |
|
|
|a 057F5604-A121-4E6D-8F91-81B9662D4709
|
| 040 |
|
|
|a SNK
|b slo
|c SNK
|e AACR2
|
| 041 |
0 |
|
|a ger
|
| 043 |
|
|
|a et
|
| 044 |
|
|
|a DE
|
| 080 |
|
|
|a 323(4-191.2)"1989/1995"(082)=30\
|2 1981
|
| 080 |
|
|
|a 338(4-191.2)"1989/1995"(082)=30\
|2 1981
|
| 080 |
|
|
|a 330.34:304(4-191.2)\
|2 1981
|
| 111 |
2 |
|
|a Leutherheider Forum
|n (7. :
|d 1995 :
|c Nettetal-Leutherheide, Nemecko)
|4 aut
|9 686748
|
| 245 |
1 |
0 |
|a Transformationsprozesse in den Staaten Ostmitteleuropas 1989-1995
|b Dokumentation der Tagung Der Transformationsprozess in den Reformstaaten Ostmitteleuropas, 13.-16. Dezember 1995, Leutherheider Forum
|c Hans Süssmuth (Hg.) ; Veranstalter: Adalbert-Stiftung-Krefeld, Historisches Seminar 7 der Heinrich-Heine-Universität Düsseldorf
|
| 260 |
|
|
|a Baden-Baden
|b Nomos
|c 1998
|
| 300 |
|
|
|a 489 s.
|b grafy, tab.
|c 23 cm
|
| 490 |
1 |
|
|a Schriften der Adalbert-Stiftung-Krefeld
|v Bd. 5
|
| 504 |
|
|
|a Bibliogr. odkazy. Zoz. aut. príspevkov
|
| 650 |
0 |
7 |
|a ekonomika
|x transformácia
|z Európa stredná
|y 1989-1995
|2 SNK
|9 686749
|
| 655 |
|
7 |
|a zborníky konferencií
|2 SNKPH
|9 70153
|
| 700 |
1 |
|
|a Süssmuth, Hans,
|d 1935-
|4 edt
|9 86668
|
| 710 |
0 |
|
|a Adalbert-Stiftung-Krefeld
|4 oth
|9 686750
|
| 710 |
0 |
|
|a Heinrich-Heine-Universität Düsseldorf, Nemecko
|4 oth
|9 296233
|
| 830 |
|
0 |
|a Schriften der Adalbert-Stiftung-Krefeld
|9 686751
|
| 919 |
|
|
|a 3-7890-5082-2
|
| 958 |
|
|
|a ZS
|
| 958 |
|
|
|a TL
|
| 958 |
|
|
|a NB
|
| 958 |
|
|
|a ZB
|
| 999 |
|
|
|c 1067621
|d 1069551
|
| 952 |
|
|
|t P60, <03>, [BOOK], {603}
|a SNK
|b SNK
|y PREZ
|7 0
|p 17A0249617
|o snkSC 102762
|i snkV 1531/2000
|0 0
|1 0
|4 0
|d 2000-09-26
|f 1
|l 0
|r 2025-09-24 00:00:00
|w 2026-02-24
|